000 00669nam a2200253Ia 4500
003 OSt
005 20221005050312.0
006 a|||||r|||| 00| 0
007 ta
008 221004b |||||||| |||| 00| 0 mal d
020 _c1.50
024 _a55884
037 _cTextual
040 _aCRL
_cCRL
_bmal
041 _2mal
_amal
082 _aO32,3N28x, J81
100 _aNair Sreekantan Au.
_9594533
245 0 _aSindoorappottu
260 _aKottayam
_bNational Bookstall
_c1958
300 _a141p.
_ccm.
650 _aMALAYALAM DRAMA
_9207189
942 _hO32,3N28x, J81
_cTEXL
_2cc
999 _c956704
_d956704